Szczegóły MARC21

Bibliografia Prawa Karnego : materialnego, procesowego i wykonawczego : literatura-orzecznictwo ... /

001 -Numer kontrolny rekordu [,]
    • @
    • pole kontrolne
    • zz2006974839
005 -Data i czas ostatniej zmiany [,]
    • @
    • Data ostatniej zmiany
    • 20241231110931.0
035 -Inne numery kontrolne [ , ]
    • a
    • Numer kontrolny
    • (OCoLC)168533057
040 -Instytucja sporządzająca opis [ , ]
    • a
    • Instytucja, która sporządziła opis (NP)
    • KR U/AK
    • c
    • Instytucja, która sporządziła rekord (NP)
    • KR U/AK
    • d
    • Instytucja, która zmodyfikowała rekord (P)
    • KR U/AK
    • d
    • Instytucja, która zmodyfikowała rekord (P)
    • TOR U/ENs
942 -Rodzaj dokumentu [ , ]
    • c
    • Rodzaj dokumentu
    • Wydaw. ciągłe w tym czasopisma
998 -Inne dane NUKAT [ , ]
    • a
    • Numer systemowy
    • vtls000771328
245 -Strefa tytułu i oznaczenia odpowiedzialności [0,0]
    • a
    • Tytuł
    • Bibliografia Prawa Karnego :
    • b
    • Ciąg dalszy tytułu (NP)
    • materialnego, procesowego i wykonawczego : literatura-orzecznictwo ... /
    • c
    • Pozostałe elementy strefy tytułu i oznaczenia odpowiedzialności (NP)
    • Zygmunt Najgebauer, Feliks Prusak.
246 -Wariant tytułu [3,0]
    • a
    • Tytuł (NP)
    • Literatura-orzecznictwo
260 -Strefa adresu wydawniczego [ , ]
    • a
    • Miejsce wydania (P)
    • Warszawa :
    • b
    • Nazwa wydawcy (P)
    • Wydawnictwo Prawnicze,
    • c
    • Data wydania (P)
    • 1977-.
300 -Strefa opisu fizycznego [ , ]
    • c
    • Format (NP)
    • 24 cm.
310 -Częstotliwość [ , ]
    • a
    • Częstotliwość
    • Niereg.
336 -Typ zawartości [ , ]
    • a
    • Termin opisujący typ zawartości
    • Tekst
    • b
    • Typ/rodzaj nośnika
    • txt
    • 2
    • Źródło (termin i kod)
    • rdacontent
337 -Typ mediów [ , ]
    • a
    • Tryb odtwarzania
    • Bez urządzenia pośredniczącego
    • b
    • Kod typu mediów
    • n
    • 2
    • Źródło (termin i kod)
    • rdamedia
338 -Typ/rodzaj nośnika [ , ]
    • a
    • Hasło opisujące typ nośnika
    • Wolumin
    • b
    • Kod typu nośnika
    • nc
    • 2
    • Źródło (termin i kod)
    • rdacarrier
362 -Strefa numeracji [0, ]
    • a
    • Strefa numeracji
    • T.3 (1970/1974)-.
650 -Hasło przedmiotowe - nazwa pospolita [ ,7]
    • a
    • Hasło przedmiotowe
    • Prawo karne
    • z
    • Określnik geograficzny
    • Polska
    • y
    • Określnik chronologiczny
    • 1970-2000
650 -Hasło przedmiotowe - nazwa pospolita [ ,7]
    • a
    • Hasło przedmiotowe
    • Postępowanie karne
    • z
    • Określnik geograficzny
    • Polska
    • y
    • Określnik chronologiczny
    • 1970-2000
700 -Hasło dodatkowe - nazwa osobowa [1, ]
    • a
    • Nazwa osobowa (NP)
    • Najgebauer, Zygmunt.
    • e
    • Określenie rodzaju współpracy (NP)
    • Oprac.
700 -Hasło dodatkowe - nazwa osobowa [1, ]
    • a
    • Nazwa osobowa (NP)
    • Prusak, Feliks
    • d
    • Daty biograficzne (NP)
    • (1939- ).
    • e
    • Określenie rodzaju współpracy (NP)
    • Oprac.
710 -Hasło dodatkowe - nazwa ciała zbiorowego [2, ]
    • a
    • Nazwa ciała zbiorowego lub nazwa geograficzna jako pierwszy element (NP)
    • Wydawnictwo Prawnicze.
    • 4
    • Określenie rodzaju współpracy
    • pbl
780 -Tytuł poprzedni wydawnictwa [0,0]
    • t
    • Title
    • Bibliografia Prawa i Postępowania Karnego
    • g
    • Relationship information
    • T.1-2 1944/1964-1965/1969
    • w
    • Record control number
    • (NUKAT)zz2006812096
952 -Egzemplarz [ , ]
    • a
    • Numer inwentarzowy
    • W.144755
    • d
    • Lokalizacja
    • BG Dział Udostępniania Biblioteka Główna
    • i
    • Nr tomu wydaw.cg
    • T. 4 (1975/1979) wyd. 1983
    • p
    • Kod kreskowy
    • 2000101447559
    • v
    • Data wprowadzenia opisu
    • 2024-05-13
    • y
    • Status udostępniania
    • miesięczne
952 -Egzemplarz [ , ]
    • a
    • Numer inwentarzowy
    • W.144754
    • d
    • Lokalizacja
    • BG Dział Udostępniania Biblioteka Główna
    • i
    • Nr tomu wydaw.cg
    • T. 4 (1975/1979) wyd. 1983
    • p
    • Kod kreskowy
    • 2000101447542
    • v
    • Data wprowadzenia opisu
    • 2024-05-13
    • y
    • Status udostępniania
    • miesięczne
952 -Egzemplarz [ , ]
    • a
    • Numer inwentarzowy
    • SAc.61
    • c
    • Sygnatura
    • SAc.61
    • d
    • Lokalizacja
    • BSA Biblioteka Wydziału Prawa i Administracji im. prof. Stanisława Czepity
    • i
    • Nr tomu wydaw.cg
    • T. 3 (1970/1974) wyd. 1977
    • p
    • Kod kreskowy
    • 2004800000619
    • r
    • Cena
    • 320.00
    • y
    • Status udostępniania
    • Tylko na miejscu
952 -Egzemplarz [ , ]
    • a
    • Numer inwentarzowy
    • SAc.1577
    • c
    • Sygnatura
    • SAc.61
    • d
    • Lokalizacja
    • BSA Biblioteka Wydziału Prawa i Administracji im. prof. Stanisława Czepity
    • i
    • Nr tomu wydaw.cg
    • T. 4 (1975/1979) wyd. 1983
    • p
    • Kod kreskowy
    • 2004800015774
    • r
    • Cena
    • 700.00
    • y
    • Status udostępniania
    • Tylko na miejscu
952 -Egzemplarz [ , ]
    • a
    • Numer inwentarzowy
    • SAc.1629
    • c
    • Sygnatura
    • SAc.61
    • d
    • Lokalizacja
    • BSA Biblioteka Wydziału Prawa i Administracji im. prof. Stanisława Czepity
    • i
    • Nr tomu wydaw.cg
    • T. 4 (1975/1979) wyd. 1983
    • p
    • Kod kreskowy
    • 2004800016290
    • r
    • Cena
    • 350.00
    • y
    • Status udostępniania
    • Tylko na miejscu